Fertiliser statistics 1986-87 (Record no. 44976)

MARC details
000 -LEADER
fixed length control field 00300nam a2200121Ia 4500
082 ## - DEWEY DECIMAL CLASSIFICATION NUMBER
Classification number 631.8:31
Item number FER
245 #0 - TITLE STATEMENT
Title Fertiliser statistics 1986-87
250 ## - EDITION STATEMENT
Edition statement Ed.32
260 ## - PUBLICATION, DISTRIBUTION, ETC. (IMPRINT)
Place of publication New Delhi
Name of publisher FAI
Year of publication 1987
650 ## - SUBJECT ADDED ENTRY--TOPICAL TERM
Topical Term Fertilizer statistics
942 ## - ADDED ENTRY ELEMENTS (KOHA)
Koha item type Books
Holdings
Withdrawn status Lost status Damaged status Not for loan Collection code Home library Current library Date acquired Cost, normal purchase price Full call number Accession Number Koha item type
        Journal register RRII Library RRII Library 16/12/2021 50.00 631.8:31 FER J16415 Books